Scrambled “V” Words - Statistics

General Stats
  • This quiz has been taken 27 times
  • The average score is 27 of 36
Answer Stats
Hint Answer % Correct
mvuuca vacuum
100%
aegvu vague
100%
levlay valley
100%
elvav valve
100%
enomv venom
100%
eeunv venue
100%
icmtiv victim
100%
gebvtaele vegetable
95%
ilyvn vinyl
95%
einccva vaccine
90%
dokav vodka
90%
rteovx vortex
90%
eieclhv vehicle
85%
rneeev veneer
85%
nmrevi vermin
85%
dcintviive vindictive
85%
nctioova vocation
85%
vbllellyoa volleyball
85%
vmtiani vitamin
75%
avlbulea valuable
70%
bolcvuyara vocabulary
70%
ytuloanrv voluntary
65%
lvuelrbnea vulnerable
65%
aibretvm verbatim
60%
rdneyaiv vineyard
60%
ocruevh voucher
60%
ivmlnaasd vandalism
50%
ltbuiesev vestibule
50%
veiiacdtn vindicate
50%
rnavgie vinegar
50%
libviiysti visibility
50%
lceivyot velocity
45%
rnlcaveura vernacular
45%
gyivatlur vulgarity
45%
vsouotri virtuoso
40%
lvagoet voltage
40%
No matching quizzes found
Score Distribution
Percent of People with Each Score
Percentile by Number Answered
Your Score History
You have not taken this quiz